000 01154nam a22002537a 4500
005 20170124103012.0
010 _aA-700209
020 _c150.00
_a8173650012
035 _aA-700209
037 _bCen Lib/Ret
040 _aDPL
_bHN
082 _a808.88
_bविजय
100 _aविजय बहादुर सिंह
_93639
245 _aनागार्जुन संवाद :
_cविजय बहादुर सिंह
_bबातचीत डायरी पत्रांश /
246 _aNagaarjun samvad : batchit dayri ptransh
_b by Vijay Bahdur Singh
260 _aविदिशा
_bराम कृषण प्रकाशन
_c1994
270 _aसावित्री सदन तिलक चौक
_bविदिशा
_e464001
300 _a158पृष्ठ.
_c21सेमी(सजिल्द)
650 _aहिंदी साहित्य
_957821
650 _aहिंदी गद्धय विधा -डायरी
_957822
650 _ahindi literature
_957823
650 _aHindi Gddhy mode -dayri
_957824
942 _2ddc
_cHN
_h808.88
_mविजय
999 _c114677
_d114677